000
00249nam a22000977a 4500
999
_c
11675
_d
11675
008
191128b ||||| |||| 00| 0 eng d
020
_a
0064441873
100
_a
Pomerantz Charlotte
_9
7377
245
_a
The Ouside Dog
260
_a
USA
_b
Harper Trophy
_c
1993